000 00268nam a2200109Ia 4500
008 220204s9999 xx 000 0 und d
082 _a82-3
_bSHE
100 _aSheldon, Sidney
245 4 _aThe Other side of midnight
260 _aMadras
_bmacmillan
_c1978
942 _cBK
999 _c31457
_d31457